Air War South Atlantic (Record no. 531087)

000 -LEADER
fixed length control field 00353nam a2200133Ia 4500
008 - FIXED-LENGTH DATA ELEMENTS--GENERAL INFORMATION
fixed length control field 191014s9999 xx 000 0 und d
020 ## - INTERNATIONAL STANDARD BOOK NUMBER
International Standard Book Number 0-283-99035-x
082 ## - DEWEY DECIMAL CLASSIFICATION NUMBER
Classification number 997.11
Author Mark ETH
100 ## - MAIN ENTRY--PERSONAL NAME
Personal name Jeffrey Ethell & Alfred Price
9 (RLIN) 20500
245 #0 - TITLE STATEMENT
Title Air War South Atlantic
260 ## - PUBLICATION, DISTRIBUTION, ETC.
Place of publication, distribution, etc. London
Name of publisher, distributor, etc. Sidgwick
-- Jakson
Date of publication, distribution, etc. 1983
300 ## - PHYSICAL DESCRIPTION
Extent Peg,260
942 ## - ADDED ENTRY ELEMENTS (KOHA)
Koha item type Book
Holdings
Withdrawn status Lost status Damaged status Not for loan Permanent Location Current Location Date acquired Source of acquisition Cost, normal purchase price Total Checkouts Full call number Barcode Date last seen Price effective from Koha item type
        School of Natural Sciences (SNS) School of Natural Sciences (SNS) 10/15/2019 Donation 0.00   997.11ETH SNS0002864 01/18/2023 10/15/2019 Book
© 2023 Central Library, National University of Sciences and Technology. All Rights Reserved.